Statystyki dla Rejestracje na Ukrainie

Kliknij tutaj aby rozwiązać quiz!

Ogólne statystyki

  • Ten quiz został rozwiązany 12 razy
  • Średni wynik to 7 z 53

Statystyki odpowiedzi

2004-2013% Poprawnych
AAKijów
67%
BCLwowski
50%
KAKijów
33%
KIKijowski
33%
AKAutonomiczna Republika Krymu
17%
KXCharkowski
17%
AXCharkowski
17%
IAczerkaski
17%
CACzerkaski
17%
ATIwanofrankiwski
17%
KTIwanofrankiwski
17%
AIKijowski
17%
BAKirowogradzki
17%
HAKirowogradzki
17%
BBŁugański
17%
HBługański
17%
HCLwowski
17%
HHodeski
17%
BHOdeski
17%
BKRówieński
17%
HKrówieński
17%
CHSewastopol
17%
IHSewastopol
17%
BOTarnopolski
17%
HOtarnopolski
17%
ABWinnicki
17%
KBWinnicki
17%
ACWołyński
17%
KCWołyński
17%
KOZakarpacki
17%
AOZakarpacki
17%
APZaporoski
17%
KPZaporoski
17%
AMŻytomierski
17%
KMŻytomierski
17%
HTchersoński
0%
BTChersoński
0%
HXchmielnicki
0%
BXChmielnicki
0%
CBCzernihowski
0%
IBczernihowski
0%
CEczerniowiecki
0%
ICczerniowiecki
0%
KEdniepropetrowski
0%
AEDniepropetrowski
0%
AHDoniecki
0%
KHDoniecki
0%
HEmikołajewski
0%
BEMikołajewski
0%
BIPołtawski
0%
HIpołtawski
0%
BMSumski
0%
HMsumski
0%

Rozkład punktacji

Percentyl według liczby udzielonych odpowiedzi

Procent ludzi z każdym wynikiem

Twoja historia wyników

Nie rozwiązałeś tego quizu